000 00672nam a2200229 a 4500
001 000030798
003 OSt
005 20240412074255.0
007 ta
008 110530s1937 dr 000 0 spa d
040 _aDO-SdBNP
_bspa
_cBNPHU
049 _aBNPD
082 7 4 _a863.42
_bR923m
_222
100 1 _aRuffin Ortíz, P. E.
_957352
245 1 0 _aMuerte del payaso :
_bnovela /
_cP. E. Ruffin ortíz.
260 _aCiudad Trujillo, República Dominicana :
_bImprenta Fémina,
_c1937.
300 _a[54 p.] ;
_c22 cm.
650 0 _aLiteratura dominicana.
_967
650 7 _929128
_aNovelas dominicanas
910 _aValidado. Control de calidad MAA
942 _2ddc
_cLBS1
999 _c30290
_d30290